00342nam a2200121 a 45000010005000000030005000050050017000100080041000270400020000681000023000882450089001112600020002001901CDMR20130926135528.0130130s1975||||||||||||||||||||||||||||d aCDMRbcatcCDMR1 aBosh Ariso, Carlos13aLa administración y la prensacCarlos Bosch Arisob: la libertad de expresión... aBarcelonac1975